|
|
|
|
| LEADER |
02019nam a2200529 i 4500 |
| 001 |
nkc20213308005 |
| 003 |
CZ PrNK |
| 005 |
20211015082818.0 |
| 007 |
ta |
| 008 |
210215s2021 xr a f 000 0 slo |
| 015 |
|
|
|a cnb003308005
|
| 020 |
|
|
|a 978-80-907809-6-5
|q (brožováno)
|
| 035 |
|
|
|a (OCoLC)1257529418
|
| 040 |
|
|
|a ABA001
|b cze
|e rda
|
| 041 |
0 |
|
|a slo
|a cze
|b eng
|
| 072 |
|
7 |
|a 37
|x Výchova a vzdělávání
|2 Konspekt
|9 22
|
| 080 |
|
|
|a 37.013.83
|2 MRF
|
| 080 |
|
|
|a 37.0-022.324
|2 MRF
|
| 080 |
|
|
|a [37.04+331.548]-022.324
|2 MRF
|
| 080 |
|
|
|a 001.2
|2 MRF
|
| 080 |
|
|
|a (048.8)
|2 MRF
|
| 100 |
1 |
|
|a Pavlov, Ivan,
|d 1965-
|7 ola2015861618
|4 aut
|
| 245 |
1 |
0 |
|a Andragogické poradenstvo /
|c Ivan Pavlov
|
| 250 |
|
|
|a 2. rozšířené a aktualizované vydání, 1. vydání v České andragogické společnosti
|
| 264 |
|
1 |
|a Praha :
|b Česká andragogická společnost,
|c 2021
|
| 300 |
|
|
|a 155 stran :
|b ilustrace ;
|c 23 cm
|
| 336 |
|
|
|a text
|b txt
|2 rdacontent
|
| 337 |
|
|
|a bez média
|b n
|2 rdamedia
|
| 338 |
|
|
|a svazek
|b nc
|2 rdacarrier
|
| 490 |
1 |
|
|a Česká a slovenská andragogika ;
|v svazek 23
|
| 500 |
|
|
|a 200 výtisků
|
| 504 |
|
|
|a Obsahuje bibliografii a bibliografické odkazy
|
| 546 |
|
|
|a Částečně český text, anglické resumé
|
| 650 |
0 |
7 |
|a andragogika
|7 ph114043
|2 czenas
|
| 650 |
0 |
7 |
|a celoživotní vzdělávání
|7 ph119091
|2 czenas
|
| 650 |
0 |
7 |
|a celoživotní poradenství
|7 ph923862
|x mezioborový kontext
|2 czenas
|
| 650 |
0 |
9 |
|a andragogy
|2 eczenas
|
| 650 |
0 |
9 |
|a permanent education
|2 eczenas
|
| 650 |
0 |
9 |
|a lifelong guidance
|x interdisciplinary context
|2 eczenas
|
| 655 |
|
7 |
|a monografie
|7 fd132842
|2 czenas
|
| 655 |
|
9 |
|a monographs
|2 eczenas
|
| 830 |
|
0 |
|a Česká a slovenská andragogika
|0 s
|
| 910 |
2 |
|
|a BOA001
|b 2-1473.792
|
| 990 |
|
|
|a BK
|
| 995 |
|
|
|a 01
|
| 996 |
6 |
|
|b 2610879686
|c 2-1473.792
|l MZK
|r Sklad / do 1 hodiny
|n 1
|p p.v.
|w 001863470
|u 000010
|a 1
|e BOA001
|j MZK50
|s P
|
| 996 |
7 |
|
|b 2610882579
|c 2-1473.792
|l Vol.výběr
|r VV 0p
|n 5
|p kup
|h 374 PAV
|w 001863470
|u 000020
|a 0
|e BOA001
|j MZK50
|s A
|